000
00287nam a22001217a 4500
008
180130b xxu||||| |||| 00| 0 eng d
041
_a
eng
080
_a
617
100
_a
8
101
_a
OFT
245
_a
Handbook of wet age-related macular degeneration
_c
Hassan,T.S
942
_2
udc
_c
BK
999
_c
41302
_d
41302